Дело об учреждении в Риге комитете для рассмотрения городских доходов и повинностей с предположениями оного, кои предоставлены с...

Доступно только в Электронных читальных залах Найти на картеНа карте
RUSMARC
00004012nmc2a2200000 x 450
001fb4fa985-4a7b-4098-bb40-0f0f579be9ae
00520170116125709.0
100##$a20140910l18021802k l0rusy0189 ca
1010#$arus
102##$aRU
2001#$aДело об учреждении в Риге комитете для рассмотрения городских доходов и повинностей с предположениями оного, кои предоставлены соображению военного губернатора
$j1802 г.
251##$cДело
300##$aДело
300##$aОриг. заголовок дела: Дело об учреждении в Риге комитета. 1802 г
801#0$aRU
$bРГИА
$c20140910
$gRCR
801#1$aRU
$bГлавНИВЦ
$c20140910
$2rusmarc
801#2$aRU
$bПБ им. Б.Н. Ельцина
$c20170116
$gRCR
$2rusmarc
850##$aРГИА
852##$aРГИА
$eФедеральное казенное учреждение "Российский государственный исторический архив" (РГИА)
$j142
$lг
937##$hРГИА
$d11418953
$aASBIBLIO_SCAN
462#0$100161ae83b5-3a16-4a97-9a9d-47cd7be21f12
$12001
$a1802-1810 гг. Дела департамента полиции исполнительной за 1802 г.
$1251
$cОпись
$1852
$j1
461#0$10013e300ed0-cd39-49af-8489-5ba5b90fa401
$12001
$aДепартамент полиции исполнительной МВД
$1251
$cФонд
$1852
$j1286
215##$a216 л.
$d36,5x26 см
371##$aДокумент не является опубликованным и широко распространяемым
105##$aу###
1222#$ad
5171#$aДело об учреждении в Риге комитета. 1802 г
035##$afb4fa985-4a7b-4098-bb40-0f0f579be9ae
856##$uhttp://readingroom.main.prlib.ru/item.aspx?id_node=n94344276&mode=full
Формат отображения